Open Source For You (2004 - (Record no. 279372)
[ view plain ]
| 000 -LEADER | |
|---|---|
| fixed length control field | 00406nam a2200169Ia 4500 |
| 008 - FIXED-LENGTH DATA ELEMENTS--GENERAL INFORMATION | |
| fixed length control field | 240126s9999 xx 000 0 und d |
| 022 ## - INTERNATIONAL STANDARD SERIAL NUMBER | |
| International Standard Serial Number | 0974-1054 |
| 041 ## - LANGUAGE CODE | |
| Language code of text/sound track or separate title | English |
| 082 ## - DEWEY DECIMAL CLASSIFICATION NUMBER | |
| Classification number | LIBRARY-VII |
| 245 #0 - TITLE STATEMENT | |
| Title | Open Source For You (2004 - |
| 260 ## - PUBLICATION, DISTRIBUTION, ETC. | |
| Name of publisher, distributor, etc. | EFYGroup |
| 300 ## - PHYSICAL DESCRIPTION | |
| Dimensions | CD6913 |
| 440 ## - SERIES STATEMENT/ADDED ENTRY--TITLE | |
| Title | NULL |
| 650 ## - SUBJECT ADDED ENTRY--TOPICAL TERM | |
| Topical term or geographic name entry element | Computer Science |
| 650 ## - SUBJECT ADDED ENTRY--TOPICAL TERM | |
| Topical term or geographic name entry element | Open,Source,(2004,-,Computer Science |
| 942 ## - ADDED ENTRY ELEMENTS (KOHA) | |
| Koha item type | Journals |
| Date last seen | Total checkouts | Full call number | Accession number | Volume/Issue Number | Price effective from | Category | Lost status | Damaged status | Department | Withdrawn status | Home library | Current library | Shelving location | Entry date | Vendor | Grants | Currency symbol | Conversion rate | Discount | Old discount |
|---|---|---|---|---|---|---|---|---|---|---|---|---|---|---|---|---|---|---|---|---|
| 26/01/2024 | LIBRARY-VII | JN35614 | 5(2)(Nov, 2016) | 26/01/2024 | Journals | Central Library | Central Library | Central Library | Surya Infotainment Products Pvt. Ltd. | CS | RS | 1 |
